ARRUPE JESUIT UNIVERSITY

CORONAVIRUS -STOP THE SPREAD - CLEAN,DISINFECT,COVER

Christopher Marlowe. (Record no. 127107)

MARC details
000 -LEADER
fixed length control field 00932cam a2200277 4500
001 - CONTROL NUMBER
control field 832914
003 - CONTROL NUMBER IDENTIFIER
control field ARRUPE
005 - DATE AND TIME OF LATEST TRANSACTION
control field 20171012113323.0
008 - FIXED-LENGTH DATA ELEMENTS--GENERAL INFORMATION
fixed length control field 700804r1969 nyu b 101 0 eng
010 ## - LIBRARY OF CONGRESS CONTROL NUMBER
LC control number 77075255
020 ## - INTERNATIONAL STANDARD BOOK NUMBER
International Standard Book Number 0809067803
040 ## - CATALOGING SOURCE
Original cataloging agency DLC
Transcribing agency DLC
Modifying agency DLC
050 00 - LIBRARY OF CONGRESS CALL NUMBER
Classification number PR2674
Item number .Y6 1968b
082 00 - DEWEY DECIMAL CLASSIFICATION NUMBER
Classification number 822/.3
300 ## - PHYSICAL DESCRIPTION
Dimensions 18 cm.
245 00 - TITLE STATEMENT
Title Christopher Marlowe.
Statement of responsibility, etc Edited by Steven Orgel.
Remainder of title the complete poems and translations
260 ## - PUBLICATION, DISTRIBUTION, ETC. (IMPRINT)
Place of publication, distribution, etc HaRMONDSWORTH,
Name of publisher, distributor, etc Penguin Books
Date of publication, distribution, etc 1971
300 ## - PHYSICAL DESCRIPTION
Extent 282 p. ;
350 ## - PRICE (NR) (BK AM CF MU VM SE) [OBSOLETE]
Price 4.50
906 ## - LOCAL DATA ELEMENT F, LDF (RLIN)
a 7
b cbc
c orignew
d 2
e ncip
f 19
g y-gencatlg
942 ## - ADDED ENTRY ELEMENTS (KOHA)
Source of classification or shelving scheme Library of Congress Classification
Koha item type Monograph ( Printed materials)
Holdings
Withdrawn status Lost status Source of classification or shelving scheme Damaged status Not for loan Collection code Home library Current library Shelving location Date acquired Total Checkouts Full call number Barcode Date last seen Price effective from Koha item type
    Library of Congress Classification     Main Collection ARRUPE LIBRARY ARRUPE LIBRARY Main Collection 12/10/2017   PR2660.M37 46500027554 12/10/2017 12/10/2017 Monograph ( Printed materials)

 

Arrupe Library. PO Box MP320 Mt Pleasant, Harare, Zimbabwe
263 242 745411|librarian@aju.ac.zw